Mehbook Khan: (Record no. 57059)

MARC details
000 -LEADER
fixed length control field 00787nam a22002057a 4500
005 - DATE AND TIME OF LATEST TRANSACTION
control field 20110927145241.0
010 ## - LCCN (DPL NO)
LC control number G-001439
020 ## - INTERNATIONAL STANDARD BOOK NUMBER
Terms of availability 195.00
International Standard Book Number 9788183281065
035 1d - SYSTEM CONTROL NUMBER
System control number G-001439
037 ## - SOURCE OF ACQUISITION
Source of stock number/acquisition Gift
082 ## - DEWEY DECIMAL CLASSIFICATION NUMBER
Classification number 791.430232092
100 ## - MAIN ENTRY--PERSONAL NAME
Personal name Ahmed, Rauf
245 ## - TITLE STATEMENT
Title Mehbook Khan:
Statement of responsibility, etc by Fauf Ahmed
Remainder of title the romance of history /
260 ## - PUBLICATION, DISTRIBUTION, ETC. (IMPRINT)
Place of publication, distribution, etc New Delhi
Name of publisher, distributor, etc Wisdom Tree
Date of publication, distribution, etc 2008
270 ## - ADDRESS
Address 4779/23, Ansari Road, Daryaganj
City New Delhi
Postal code 110002
300 ## - PHYSICAL DESCRIPTION
Extent ix, 102p.
Dimensions 15cm(Hb)
Other physical details b&w photos
942 ## - ADDED ENTRY ELEMENTS (KOHA)
Source of classification or shelving scheme Dewey Decimal Classification
Item type English Books
Classification part 791.430232092
Call number suffix AHM
Holdings
Withdrawn status Lost status Not for loan Collection code Home library Current library Date acquired Source of acquisition Cost, normal purchase price Full call number Barcode Copy number Cost, replacement price Koha item type
      Non-fiction Janak Puri Janak Puri 27/09/2011 gift 195.00 791.430232092 AHM G-001439 1 195.00 English Books

© Delhi Public Library
Hit Counter
free hit counter